[Event "SF Fürth 1951 e.V. 1-SC Postbauer-Heng e.V. 1"]
[Site "?"]
[Date "2013.04.21"]
[Round "9.2"]
[Board "2"]
[White "Kuehn, Daniel"]
[Black "Röber, Jürgen"]
[Result "1/2-1/2"]
[WhiteElo "2029"]
[BlackElo "2066"]
[WhiteTeam "SF Fürth 1951 e.V. 1"]
[BlackTeam "SC Postbauer-Heng e.V. 1"]

1.e4 c5 2.Nf3 Nc6 3.d4 cxd4 4.Nxd4 g6 5.c4 Bg7 6.Be3 Nf6 7.Nc3 d6 8.Be2 Bd7
9.O-O Nxd4 10.Bxd4 Bc6 11.f3 a5 12.Nd5 Bxd5 13.cxd5 O-O 14.Bb5 Nd7 15.Bxd7 Qxd7
16.Bxg7 Kxg7 17.Qd4+ f6 18.Rfc1 Rfc8 19.Rc3 Qb5 20.Rb3 Qe2 21.Qf2 Qxf2+ 22.Kxf2
Rab8 23.Rb6 Rc2+ 24.Kf1 a4 25.Re1 a3 26.Re2 Rxe2 27.Kxe2 axb2 28.Rxb2 Ra8 29.Kd3
Kf7 30.Kc4 Ke8 31.Kb5 Kd7 32.Rc2 g5 33.Kb6 Rc8 34.Rb2 Rc7 35.a4 Kc8 36.Kb5 Rc1
37.Rd2 1/2-1/2

[Event "SF Fürth 1951 e.V. 1-SC Postbauer-Heng e.V. 1"]
[Site "?"]
[Date "2013.04.21"]
[Round "9.3"]
[Board "3"]
[White "Sippl, Martin"]
[Black "Basting, Steffen"]
[Result "1/2-1/2"]
[WhiteElo "1989"]
[BlackElo "2022"]
[WhiteTeam "SC Postbauer-Heng e.V. 1"]
[BlackTeam "SF Fürth 1951 e.V. 1"]

1.e4 c5 2.Nf3 d6 3.d4 cxd4 4.Nxd4 Nf6 5.Nc3 a6 6.Bg5 e6 7.f4 Nbd7 8.Qf3 Qc7
9.O-O-O b5 10.Bxb5 axb5 11.Ndxb5 Qb8 12.e5 Bb7 13.Qe2 dxe5 14.Qc4 Be7 15.Nc7+
Kf8 16.Bxf6 Nxf6 17.Nxa8 Qxa8 18.fxe5 Nd5 19.Nxd5 Bxd5 20.Rxd5 Qxd5 21.Qxd5
exd5 22.Rd1 Bg5+ 23.Kb1 Ke7 24.Rxd5 Rd8 25.Rxd8 Kxd8 26.c4 Bf4 27.h3 Bxe5
28.Kc2 Kc7 29.b4 Kc6 30.Kd3 f5 31.a4 g5 32.a5 h5 33.Ke3 Bc3 34.b5+ Kc5 35.h4
gxh4 36.Kf4 Bxa5 37.Kxf5 Kxc4 38.Kg5 Bd8+ 39.Kxh5 Kxb5 40.Kg4 Be7 1/2-1/2

[Event "SF Fürth 1951 e.V. 1-SC Postbauer-Heng e.V. 1"]
[Site "?"]
[Date "2013.04.21"]
[Round "9.4"]
[Board "4"]
[White "Pasedag, Peter"]
[Black "Fischer, Erich"]
[Result "0-1"]
[WhiteElo "2083"]
[BlackElo "1979"]
[WhiteTeam "SF Fürth 1951 e.V. 1"]
[BlackTeam "SC Postbauer-Heng e.V. 1"]

1.d4 g6 2.e4 Bg7 3.Nc3 d6 4.Be3 Nc6 5.d5 Nb8 6.f4 Nd7 7.Nf3 Ngf6 8.Qd2 O-O
9.O-O-O c6 10.Be2 cxd5 11.exd5 Qa5 12.Kb1 a6 13.Rhe1 b5 14.Ne4 b4 15.Nxf6+ Nxf6
16.Nd4 Bb7 17.Nc6 Qc7 18.Bf3 e6 19.Bd4 Bxc6 20.dxc6 d5 21.Qxb4 Qxc6 22.Qc3 Qxc3
23.Bxc3 Rfc8 24.g4 Rc4 25.Be5 Nd7 26.Bxg7 Kxg7 27.f5 Rf4 28.fxe6 fxe6 29.Rxe6
Rxf3 30.Re7+ Rf7 31.Rxf7+ Kxf7 32.Rxd5 Nf6 33.Rd4 g5 34.Kc1 Re8 35.h3 Re3
36.Ra4 Rxh3 37.Rxa6 Rg3 38.a4 Rxg4 39.a5 h5 40.Ra8 h4 0-1

[Event "SF Fürth 1951 e.V. 1-SC Postbauer-Heng e.V. 1"]
[Site "?"]
[Date "2013.04.21"]
[Round "9.5"]
[Board "5"]
[White "Grimm, Pascal"]
[Black "Thiele, Heinz"]
[Result "0-1"]
[WhiteElo "1931"]
[BlackElo "1990"]
[WhiteTeam "SC Postbauer-Heng e.V. 1"]
[BlackTeam "SF Fürth 1951 e.V. 1"]

1.g3 g6 2.Bg2 Bg7 3.d3 d6 4.c4 e5 5.Nc3 c6 6.e3 f5 7.Nge2 Nf6 8.O-O O-O 9.Rb1
Be6 10.b4 Qc7 11.a4 Nbd7 12.b5 Rac8 13.Ba3 Rfe8 14.a5 a6 15.Qa4 axb5 16.cxb5 d5
17.d4 Ne4 18.Rfc1 Nb8 19.a6 bxa6 20.bxa6 Qa7 21.Nxe4 fxe4 22.Ra1 Qxa6 23.Qxa6
Nxa6 24.Bd6 Nb8 25.dxe5 Nd7 26.Nd4 Bf5 27.Nxc6 Bf8 28.Bxf8 Kxf8 29.Nb4 Nxe5
30.Nxd5 Nd3 31.Rxc8 Rxc8 32.Nf6 0-1

[Event "SF Fürth 1951 e.V. 1-SC Postbauer-Heng e.V. 1"]
[Site "?"]
[Date "2013.04.21"]
[Round "9.7"]
[Board "7"]
[White "Hoffmann, Ayar"]
[Black "Dittmar, Thomas"]
[Result "1/2-1/2"]
[WhiteElo "1839"]
[BlackElo "1795"]
[WhiteTeam "SC Postbauer-Heng e.V. 1"]
[BlackTeam "SF Fürth 1951 e.V. 1"]

1.e4 c6 2.Nf3 d5 3.exd5 cxd5 4.Ne5 Nf6 5.Bb5+ Nbd7 6.d4 e6 7.O-O Be7 8.f4 O-O
9.Bd3 Ne4 10.Nd2 f5 11.Ndf3 Qb6 12.c3 Ndf6 13.Qe2 Bd7 14.Nxd7 Nxd7 15.Be3 Rac8
16.Rac1 a6 17.Rc2 Qa5 18.a3 b5 19.Bc1 Qb6 20.Kh1 Rf6 21.Ne5 Nxe5 22.fxe5 Rg6
23.Qf3 Rf8 24.Bf4 a5 25.g3 b4 26.axb4 axb4 27.Ra1 bxc3 28.bxc3 Rc8 29.Be2 Bg5
30.Bxg5 Nxg5 31.Qe3 Ne4 32.Rac1 Rf8 33.c4 f4 34.gxf4 Qb3 35.Qf3 Rg4 36.h3 Qxf3+
37.Bxf3 Rgxf4 38.Bxe4 Rxe4 39.cxd5 exd5 40.Rd2 Rf3 41.Kg2 Ree3 1/2-1/2

[Event "SF Fürth 1951 e.V. 1-SC Postbauer-Heng e.V. 1"]
[Site "?"]
[Date "2013.04.21"]
[Round "9.8"]
[Board "8"]
[White "Nickmann, Peter"]
[Black "Ceglar, Michael"]
[Result "1/2-1/2"]
[WhiteElo "1798"]
[BlackElo "1873"]
[WhiteTeam "SF Fürth 1951 e.V. 1"]
[BlackTeam "SC Postbauer-Heng e.V. 1"]

1.e4 e5 2.Nf3 d5 3.Nxe5 Bd6 4.d4 dxe4 5.Nc4 Nf6 6.Bg5 O-O 7.Be2 h6 8.Bxf6 Qxf6
9.c3 Qg5 10.Ne3 Bf4 11.h4 Qg6 12.Bh5 Qb6 13.Nc4 Qc6 14.Ne3 Qb5 15.b3 Re8 16.Be2
Qc6 17.O-O Nd7 18.g3 Bxe3 19.fxe3 Qg6 20.Qe1 Nf6 21.Nd2 Nd5 22.Bc4 Be6 23.Bxd5
Bxd5 24.c4 Be6 25.Rf4 f5 26.Kh2 Re7 27.Qe2 Rae8 28.Raf1 Bd7 1/2-1/2

[Event "SK Nürnberg 1911 e.V. 1-Schachzentrum Fü"]
[Site "?"]
[Date "2013.04.21"]
[Round "9.1"]
[White "Schatz, Christian"]
[Black "Fuchs, Gerhard"]
[Result "1-0"]
[WhiteElo "2135"]
[BlackElo "2073"]
[PlyCount "103"]
[EventDate "2013.??.??"]
[WhiteTeam "Schachzentrum Fürth 2002 1"]
[BlackTeam "SK Nürnberg 1911 e.V. 1"]

1. Nf3 f5 2. g3 Nf6 3. Bg2 g6 4. O-O Bg7 5. d4 O-O 6. b3 Ne4 7. Bb2 c5 8. c4
Nc6 9. Nbd2 Qa5 10. e3 Nxd2 11. Qxd2 Qxd2 12. Nxd2 cxd4 13. Bxc6 dxc6 14. Bxd4
e5 15. Bc3 e4 16. Bxg7 Kxg7 17. f3 Rd8 18. Rfd1 Rd3 19. fxe4 Rxe3 20. Kf2 Rd3
21. exf5 Bxf5 22. Nf3 Rad8 23. Rxd3 Rxd3 24. Re1 Kf6 25. Re8 Rd7 26. Re2 Rd1
27. Re8 Bg4 28. Rf8+ Kg7 29. Rb8 b6 30. Ra8 a5 31. Rb8 Rd6 32. Ne5 Bf5 33. Rxb6
Rd2+ 34. Ke3 Rxa2 35. Nxc6 a4 36. bxa4 Rxa4 37. Nb4 h5 38. c5 Ra5 39. Kd4 Ra1
40. Rb7+ Kf8 41. c6 Ke8 42. Kc5 Rc1+ 43. Kd6 Rd1+ 44. Nd5 Rd2 45. Re7+ Kf8 46.
Re5 Rxh2 47. c7 Bc8 48. Re3 Kf7 49. Re7+ Kf8 50. Rh7 Bh3 51. Nf4 Bg4 52. Ne6+
1-0

[Event "SK Nürnberg 1911 e.V. 1-Schachzentrum Fü"]
[Site "?"]
[Date "2013.04.21"]
[Round "9.2"]
[White "Höwel, Karl-Adolf"]
[Black "Kaminskij, Sergej"]
[Result "1-0"]
[WhiteElo "2019"]
[BlackElo "2041"]
[PlyCount "99"]
[EventDate "2013.??.??"]
[WhiteTeam "SK Nürnberg 1911 e.V. 1"]
[BlackTeam "Schachzentrum Fürth 2002 1"]

1. d4 d5 2. c4 e5 3. dxe5 d4 4. Nf3 Nc6 5. Nbd2 Bg4 6. h3 Bh5 7. Nb3 Bb4+ 8.
Bd2 Qe7 9. g4 Bg6 10. Bxb4 Qxb4+ 11. Qd2 O-O-O 12. Qxb4 Nxb4 13. Kd2 f6 14. Bg2
Bf7 15. Rhc1 Nc6 16. exf6 gxf6 17. Nc5 Nge7 18. Nd3 Ng6 19. b3 h6 20. Re1 Rhe8
21. Rad1 a5 22. h4 Nb4 23. a3 Nxd3 24. exd3 Nf4 25. Bf1 f5 26. g5 Bh5 27. Rxe8
Rxe8 28. Re1 Rxe1 29. Nxe1 hxg5 30. hxg5 Kd7 31. Ng2 Ne6 32. f4 Bf3 33. Nh4 Bg4
34. Ng6 Ke8 35. Be2 Bh3 36. Bf3 c6 37. Ke2 Kf7 38. Ne5+ Kg7 39. Kf2 Nc5 40. b4
axb4 41. axb4 Ne6 42. b5 cxb5 43. cxb5 Nc5 44. Be2 Nb3 45. Kg3 Nc1 46. Bf3 Bf1
47. Bxb7 Nxd3 48. Nxd3 Bxd3 49. Bc6 Be2 50. Kf2 1-0

[Event "SK Nürnberg 1911 e.V. 1-Schachzentrum Fü"]
[Site "?"]
[Date "2013.04.21"]
[Round "9.3"]
[White "Hepting, Heinrich"]
[Black "Pannek, Matthias"]
[Result "1/2-1/2"]
[WhiteElo "2140"]
[BlackElo "1957"]
[PlyCount "82"]
[EventDate "2013.??.??"]
[WhiteTeam "Schachzentrum Fürth 2002 1"]
[BlackTeam "SK Nürnberg 1911 e.V. 1"]

1. Nf3 d5 2. c4 d4 3. b4 Bg4 4. Bb2 Bxf3 5. exf3 Nf6 6. d3 e5 7. a3 c5 8. bxc5
Nbd7 9. Qa4 Bxc5 10. Nd2 O-O 11. g3 Bb6 12. Nb3 Qc7 13. Bh3 a5 14. Nd2 Nc5 15.
Qc2 a4 16. O-O Ba5 17. Rab1 Qc6 18. Bc1 Nfd7 19. Ne4 f5 20. Nxc5 Nxc5 21. Bg2
Bc3 22. Bd2 Bxd2 23. Qxd2 Nb3 24. Qb4 Ra6 25. Rfd1 Re8 26. Rb2 Rb6 27. Qe1 Qd6
28. Re2 Qe7 29. f4 Re6 30. Bd5 e4 31. dxe4 Kh8 32. Bxe6 Qxe6 33. e5 Qxc4 34. e6
d3 35. Re3 d2 36. Rxd2 Nxd2 37. Qxd2 h6 38. h3 Rxe6 39. Qd8+ Kh7 40. Qd7 Qc1+
41. Kh2 Qc2 1/2-1/2

[Event "SK Nürnberg 1911 e.V. 1-Schachzentrum Fü"]
[Site "?"]
[Date "2013.04.21"]
[Round "9.6"]
[White "Weinmann, Stefan"]
[Black "Akopdjanian, Martin"]
[Result "1/2-1/2"]
[WhiteElo "1920"]
[BlackElo "1625"]
[PlyCount "123"]
[EventDate "2013.??.??"]
[WhiteTeam "SK Nürnberg 1911 e.V. 1"]
[BlackTeam "Schachzentrum Fürth 2002 1"]

1. d4 Nf6 2. c4 e6 3. Nc3 d5 4. cxd5 exd5 5. Bg5 Be7 6. e3 c6 7. Bd3 O-O 8. Qc2
h6 9. Bh4 Be6 10. Nge2 Nbd7 11. O-O c5 12. Bf5 Bxf5 13. Qxf5 g6 14. Qc2 c4 15.
Rae1 Nb6 16. f3 Nh5 17. Bxe7 Qxe7 18. e4 dxe4 19. fxe4 Rae8 20. Qd2 Kh7 21. Nf4
Nxf4 22. Qxf4 Rd8 23. Qf2 Qd7 24. Rd1 Rde8 25. Qf3 Rd8 26. Qf6 Qd6 27. Qxd6
Rxd6 28. e5 Rdd8 29. Ne4 Nd5 30. Nf6+ Nxf6 31. Rxf6 Kg7 32. Kf2 Rfe8 33. Rd2
Rxe5 34. Rf3 Red5 35. Rf4 f5 36. g4 fxg4 37. Rxg4 R8d7 38. Re4 Kf6 39. Ke3 Rf5
40. Rg2 Kf7 41. Kd2 b5 42. Kc3 a5 43. a3 Rf3+ 44. Kc2 g5 45. h4 Kf6 46. hxg5+
hxg5 47. Reg4 Rd5 48. Re4 Rf4 49. Re8 Rfxd4 50. Rge2 b4 51. axb4 axb4 52. Rf8+
Kg7 53. Rb8 b3+ 54. Kc3 Rf4 55. Re3 Rd1 56. Rb6 Rc1+ 57. Kb4 Rc2 58. Re7+ Rf7
59. Re5 Rxb2 60. Rxg5+ Kh7 61. Kxc4 Rc7+ 62. Kb4 1/2-1/2

[Event "SK Nürnberg 1911 e.V. 1-Schachzentrum Fü"]
[Site "?"]
[Date "2013.04.21"]
[Round "9.7"]
[White "Tschernischew, Boris"]
[Black "Augustin, Achim"]
[Result "0-1"]
[WhiteElo "1455"]
[BlackElo "1869"]
[PlyCount "99"]
[EventDate "2013.??.??"]
[WhiteTeam "Schachzentrum Fürth 2002 1"]
[BlackTeam "SK Nürnberg 1911 e.V. 1"]

1. e4 d5 2. exd5 Qxd5 3. Nf3 Bg4 4. Be2 Nc6 5. Nc3 Qd7 6. d3 O-O-O 7. Be3 e5 8.
Nd2 Bxe2 9. Qxe2 Nd4 10. Qd1 f5 11. Nf3 Re8 12. O-O Nf6 13. a4 a6 14. Bxd4 exd4
15. Ne2 Bc5 16. c3 dxc3 17. bxc3 h6 18. d4 Bd6 19. d5 Nxd5 20. Ng3 Nxc3 21. Qd4
Bxg3 22. Qxc3 Bd6 23. Rfd1 Re4 24. g3 Rhe8 25. Rd4 Rxd4 26. Qxd4 Qc6 27. Qd3
Qe4 28. Qd1 Rd8 29. Nd2 Qd3 30. Qe1 Kb8 31. Nf1 Bc5 32. Ne3 Bxe3 33. Qxe3 Qxe3
34. fxe3 Rd2 35. a5 c6 36. Ra4 Kc7 37. h4 h5 38. e4 fxe4 39. Rxe4 b5 40. g4
hxg4 41. Rxg4 Rd7 42. Kf2 Kd6 43. Ke3 Kc5 44. Rg6 b4 45. Rg1 Kb5 46. Rg5+ c5
47. h5 b3 48. Rg2 Kxa5 49. Rd2 Rxd2 50. Kxd2 0-1